Le Top 50 France Spotify - Statistiques

Statistiques générales
  • Ce quiz a été pris 174 fois
    88 depuis la dernière actualisation
  • Le résultat moyen est 14 sur 50
Statistiques - réponses
Numéro Chanson Artiste Feat Feat % Correct
8 CIEL GIMS Personne Personne
70%
12 Paris Nono La Grinta Personne Personne
62%
5 Piano Werenoi GIMS Personne
62%
14 SPIDER GIMS DYSTINCT Personne
62%
9 Pélican L2B Personne Personne
55%
1 KYKY2BONDY Hamza Personne Personne
52%
3 NINAO GIMS Personne Personne
52%
34 Dolce Camara Booba SDM Personne
47%
15 CARTIER SANTOS SDM Personne Personne
44%
36 APT ROSÉ Bruno Mars Personne
42%
35 Shamballa Amyne023 Shaydee's Personne
42%
32 PAY! Theodora Guy2Bezbar Personne
38%
21 Anxiety Doechii Personne Personne
33%
23 SOIS PAS TIMIDE GIMS Personne Personne
33%
16 Los Angeles Siaka Personne Personne
32%
6 Mood KeBlack Personne Personne
32%
37 4 Kampé Joé Dwèt Filé Personne Personne
29%
10 Chambre 04 DJ Kawest Attachingboy Personne
29%
11 Feel Good Charlotte Cardin Personne Personne
29%
41 La vie qu'on mène Ninho Personne Personne
29%
48 Mauvais Garçon Helena Personne Personne
29%
7 Phénoménal Jul Personne Personne
29%
26 Run Rim'K SDM Personne
29%
28 Tout Pour L'équipe L2B Personne Personne
29%
50 MANON B Tiakola Ryflo Oskoow
27%
25 Triple V Werenoi Damso Ninho
27%
17 Messy Lola Young Personne Personne
26%
13 Ordinary Alex Warren Personne Personne
26%
44 Pétunias Werenoi Personne Personne
26%
31 NANANI NANANA Gazo Personne Personne
24%
39 Sexy Woman La Mano 1.9 Personne Personne
24%
2 Mimi Jul Personne Personne
23%
46 Abracadabra Lady Gaga Personne Personne
20%
22 Balade 1D1R Vacra Personne
20%
27 TOUCHÉ GIMS KeBlack Personne
18%
24 Poney Werenoi Personne Personne
17%
40 ALICANTE Karmen PLK Personne
14%
20 DtMF Bad Bunny Personne Personne
14%
49 CARRÉ OK Soolking GIMS Personne
12%
19 Pichichi Josas Personne Personne
9%
30 Sous la lune Jul Personne Personne
9%
33 Vrais Ninho Personne Personne
9%
38 Célibataire Polygame TKS 2G Personne Personne
8%
42 J'oublie tout Jul Personne Personne
8%
45 Si Antes Te Hubiera Conocido KAROL G Personne Personne
8%
47 Putana Ninho Personne Personne
6%
18 Bwo Jul Personne Personne
5%
43 Etat des lieux - Part 1 La Fouine Ninho Personne
5%
4 Melrose Palace KeBlack Guy2Bezbar Personne
5%
29 Show Me Love WizTheMc bees & honey Personne
3%
Aucun quiz correspondant
Distribution des résultats
% des personnes avec chaque résultat
Percentile par nombre de réponses
Votre historique - résultats
Vous n’avez pas pris ce quiz depuis la dernière actualisation